| 000 | 00740nam a22002177a 4500 | ||
|---|---|---|---|
| 008 | 160921b xxu||||| |||| 00| 0 eng d | ||
| 020 | _a0871203138 | ||
| 020 | _a9780871203137 | ||
| 050 | _aLB 2806.15 .W54 1998 | ||
| 100 | _aWiggins, Grant | ||
| 245 |
_aUnderstanding by Design/ _cGrant Wiggins and Jay McTighe |
||
| 260 |
_aAlexandria: _bAssociation for Supervision and Curriculum Development; _c1998 |
||
| 300 |
_aviii, 207p. : _bill. ; _c19cm |
||
| 500 | _aIncludes references | ||
| 650 |
_aCurriculum planning _xUnited States |
||
| 650 |
_aCurriculum-based assessment _xUnited States |
||
| 650 | _aLearning | ||
| 650 | _aComprehension | ||
| 700 | _aMcTighe, Jay | ||
| 942 |
_2lcc _cBOOKS _hLB 2806.15 .W54 1998 |
||
| 999 |
_c13935 _d13935 |
||